Družstevníci v sombrerách Z reportážnej cesty po socialistickej Kube (III)

Bibliographic Details
Main Author: Kuchta, Rudolf (Author)
Format: Article
Language:Slovak
Subjects:

MARC

LEADER 00000nab a2200000 a 4500
001 vtls000318087
003 SK-MaSNL
005 20260304171153.0
008 111201c1978 xo 0 slo
015 |a SNBRB19rr/mm-uuuuu 
035 |a CL0008179 
040 |a SNKBUCL  |b slo  |c SNKBUCL  |e AACR2 
041 0 |a slo 
044 |a xo  |c SK 
080 |a 330.3  |2 1981 
080 |a 91  |2 1981 
100 1 |a Kuchta, Rudolf  |4 aut  |9 956698 
245 1 0 |a Družstevníci v sombrerách  |b Z reportážnej cesty po socialistickej Kube (III)  |c Rudolf Kuchta 
650 0 7 |a industrializácia  |2 snkbucl  |9 2289 
650 0 7 |a poľnohospodárstvo  |2 snkbucl  |9 679 
650 0 7 |a združstevňovanie  |2 snkbucl  |9 532424 
651 7 |a Kuba  |2 snkbucl  |9 17345 
655 7 |a články z novín a časopisov  |2 snkbucl  |9 267496 
773 0 |t Práca  |g Roč. 33, č. 110 (12. 5. 1978), s. 5 
850 |a Slovenská národná knižnica v Martine  |a MTA001 
852 |a SNK  |b KIS3GCP 
958 |a RK 
992 |a RBX 
999 |c 2992004  |d 2993934